000 00680nam a2200229 a 4500
001 19889
003 CO-ViMGA
008 141112s2004 ck r 000 u spa d
020 _a9681859340
040 _aCO-ViMGA
_bspa
_cCO-ViMGA
082 0 4 _a641.34 M394
100 1 _aMexico. Secretaria de Comercio y Fomento Industrial,
_928863
245 1 0 _aJugos de Frutas y verduras
260 _aMexico :
_bLimusa,
_c2000
300 _a238 p.
490 _aGuías empresariales
590 _aForma de adquisición : Premio Mincultura
650 1 4 _aJUGOS DE FRUTAS
_924281
650 1 4 _aJUGOS DE VERDURAS
_928864
650 1 4 _aMICROEMPRESAS - ADMINISTRACION
_928865
942 _2ddc
_cBK
999 _c29013
_d29013